Music Quiz

Random Music or Rock Quiz

'90s Rock Music Slideshow Quiz Stats

Quiz Updated Aug 24, 2015

Challenge
Share
Tweet
Score 0/40 Timer 12:00
1 Play Today
% Correct
Nirvana
96.6%
Marilyn Manson
93.6%
No Doubt
89.1%
Red Hot Chili Peppers
86.7%
Green Day
85.9%
U2
84.6%
Lenny Kravitz
78.6%
Oasis
73%
Foo Fighters
66%
Weezer
63.9%
Alanis Morissette
61.8%
Blink-182
61.5%
Hole
59.2%
Beck
58.2%
Pearl Jam
57.9%
Metallica
52.6%
Counting Crows
49.2%
Korn
49%
Garbage
48.7%
R.E.M.
47%
% Correct
Dave Matthews Band
47%
Sugar Ray
46.6%
Beastie Boys
44.1%
Smashing Pumpkins
41.5%
Soundgarden
40.7%
The Offspring
40.5%
Smash Mouth
37.6%
Blur
36.7%
The Cranberries
33.8%
Megadeth
33.8%
Rage Against the Machine
33.1%
Alice in Chains
31.5%
Everclear
31.3%
Bush
30.8%
Jane's Addiction
30.4%
The Verve
29.5%
Nine Inch Nails
25.9%
Stone Temple Pilots
23.6%
Sublime
22.2%
Sonic Youth
20.6%

You're not logged in!

Compare scores with friends on all Sporcle quizzes.
Sign Up with Email
OR
Log In

You Might Also Like...

Show Comments

Extras

Top Quizzes Today


Score Distribution

Your Account Isn't Verified!

In order to create a playlist on Sporcle, you need to verify the email address you used during registration. Go to your Sporcle Settings to finish the process.